000 01351nam a2200265 a 4500
003 DO-SdBNP
005 20211013141517.0
007 ta
008 211013e2008 dr ao||fr|||| 00| 0 spa d
040 _aDO-SdBNP
_bspa
_cBNPHU
082 4 _222
_bR426o
110 1 _aRepública Dominicana
_bOficina Nacional de la Propiedad Industrial
_957555
245 1 0 _aMemoria 2004- 2008:
_buna gestión innovadora, moderna y transparente /
_cONAPI
260 _aSanto Domingo :
_bSerigraf,
_c2008
300 _a134 p. :
_bil., fot. ;
_c27 cm.
505 0 _tMensajes del director.-
_tLa Oficina Nacional de la Propiedad Industrial.--
_tUna gestión innovadora.--
_tNuestro compromiso : objetivos estratégicos 2004-2008.--
_tResponsabilidad social.--
_tInstitucionalidad : objetivos estratégicos al 2012.--
_tAsí nos ven nuestros clientes y relacionados 123.--
_tONAPI en cifras.
590 _aInventariado 2021 / MF
610 0 _974057
_aOficina Nacional de la Propiedad Industrial ONAPI, República Dominicana
650 4 _aDerechos de autor
_zRepública Dominicana
_917211
650 4 _aInformación industrial
_xRepública Dominicana
_980196
650 4 _aMarcas de fábrica
_xRepública Dominicana
_980197
650 4 _aPatentes de invención
_xRepública Dominicana
_980198
650 4 _aPropiedad industrial
_xRepública Dominicana
_980199
942 _2ddc
_cLBS1
999 _c50743
_d50743